Príprava učiteľov odborných ekonomických predmetov so zameraním na elektronickú komunikáciu s úradmi štátnej správy

Elektronická forma plnenia si povinností podnikateľských subjektov v styku s daňovými a colnými úradmi si vyžaduje transformáciu týchto zručností aj do prípravy učiteľov - ekonómov. Využívanie informačných a komunikačných technológií pri príprave učiteľov odborných ekonomických predmetov na Katedre...

Description complète

Enregistré dans:
Détails bibliographiques
Auteur principal: Šóš, Ivan, 1977-
Autres auteurs: Majerčíková, Eva
Format: Chapitre de livre
Langue:slovaque
Sujets:
Tags: Ajouter un tag
Pas de tags, Soyez le premier à ajouter un tag!

MARC

LEADER 00000nla$a2200000$$$4500
001 0057430
005 20240502083139.9
041 0 |a slo 
044 |a CZ 
245 1 0 |a Príprava učiteľov odborných ekonomických predmetov so zameraním na elektronickú komunikáciu s úradmi štátnej správy  |c Ivan Šóš, Eva Majerčíková 
520 |a Elektronická forma plnenia si povinností podnikateľských subjektov v styku s daňovými a colnými úradmi si vyžaduje transformáciu týchto zručností aj do prípravy učiteľov - ekonómov. Využívanie informačných a komunikačných technológií pri príprave učiteľov odborných ekonomických predmetov na Katedre pedadogiky Národohospodárskej fakulty Ekonomickej univerzity v Bratislave. Využívanie IKT pri vyučovaní predmetov: didaktika cvičnej firmy, informatika, administratíva a korešpondencia. 
610 2 0 |a technológie informačné 
610 2 0 |a technológie komunikačné 
610 2 0 |a univerzity 
610 2 0 |a vzdelávanie 
610 2 0 |a učitelia 
610 2 0 |a ekonómovia 
610 2 0 |a komunikácia elektronická 
610 2 0 |a administratíva 
610 2 0 |a korešpondencia 
610 2 0 |a informatika 
100 1 |a Šóš, Ivan, 1977- 
700 1 |a Majerčíková, Eva